[Event "Outaouais op"]
[Site "Hull CAN"]
[Date "1999.10.22"]
[Round "1"]
[White "Hua, Lefong"]
[Black "Lacroix, Serge"]
[Result "0-1"]
[Annotator "Incomplete"]
[WhiteElo "2322"]
[BlackElo "1980"]
[PlyCount "70"]
[GameId "2160767738726145"]
[EventDate "1999.10.22"]
[EventType "swiss"]
[EventRounds "5"]
[EventCountry "CAN"]
[SourceTitle "Lacroix"]

1. c4 Nf6 2. Nc3 e6 3. e4 c5 4. e5 Ng8 5. Nf3 Nc6 6. d4 cxd4 7. Nxd4 Nxe5 8. Ndb5 a6 9. Nd6+ Bxd6 10. Qxd6 f6 11. Be3 Ne7 12. Bb6 Nf5 13. Bxd8 Nxd6 14. Bc7 Ndxc4 15. f4 Ne3 16. fxe5 Nc2+ 17. Kd2 Nxa1 18. Be2 fxe5 19. Bd6 b5 20. Bh5+ Kd8 21. Bf3 Ra7 22. Ne4 Bb7 23. Rxa1 Bxe4 24. Bxe4 a5 25. Rc1 Ra6 26. Bxe5 d5 27. Bd3 Rf8 28. Bxb5 Ra7 29. Ke3 Rf5 30. Bd4 Rb7 31. Ba6 Rb4 32. a3 Rb3+ 33. Rc3 Rb8 34. Rc5 Ke7 35. Rc2 Kd6 {etc.} 0-1

[Event "Outaouais op"]
[Site "Hull CAN"]
[Date "1999.10.22"]
[Round "1"]
[White "St Amand, Paul Jr"]
[Black "Brodie, Hugh"]
[Result "0-1"]
[WhiteElo "2161"]
[BlackElo "1895"]
[PlyCount "110"]
[GameId "2160767911741951"]
[EventDate "1999.10.22"]
[EventType "swiss"]
[EventRounds "5"]
[EventCountry "CAN"]
[SourceTitle "EXT 2004"]
[Source "ChessBase"]
[SourceDate "2003.11.25"]
[SourceVersion "1"]
[SourceVersionDate "2003.11.25"]
[SourceQuality "1"]

1. e4 c5 2. c3 d5 3. exd5 Qxd5 4. d4 Nf6 5. Nf3 Bg4 6. Be2 cxd4 7. cxd4 e6 8. Nc3 Bb4 9. O-O Bxc3 10. bxc3 O-O 11. c4 Qa5 12. Qb3 Qc7 13. Bb2 Nbd7 14. Rfd1 Rac8 15. Rac1 b6 16. h3 Bh5 17. Qe3 Rfe8 18. g4 Bg6 19. Nh4 Nf8 20. Bf3 Qd8 21. Ng2 Qd7 22. Qe2 h6 23. h4 Qa4 24. h5 Bh7 25. Ba1 Rc7 26. Rc3 Rec8 27. Rdc1 N8d7 28. d5 exd5 29. cxd5 Rxc3 30. Rxc3 Rxc3 31. Bxc3 Qa3 32. Qb2 Qxb2 33. Bxb2 Bb1 34. a3 Be4 35. Bxe4 Nxe4 36. f3 Nd2 37. Ne1 Nc4 38. Nd3 Nxb2 39. Nxb2 Nf6 40. d6 Kf8 41. Nc4 Ke8 42. Ne5 Nd7 43. Nc6 a5 44. Kf2 Nc5 45. Ke3 Nb7 46. Kd4 Nxd6 47. Kd5 Nb5 48. Ne5 Nxa3 49. Kc6 Nc2 50. Kxb6 a4 51. Nd3 a3 52. Nc1 Nb4 53. Nb3 a2 54. Na1 Nd3 55. Kb5 Ne5 0-1

[Event "Outaouais op"]
[Site "Hull CAN"]
[Date "1999.10.23"]
[Round "2"]
[White "Brodie, Hugh"]
[Black "Djerkovic, Miladin"]
[Result "0-1"]
[WhiteElo "1895"]
[BlackElo "2312"]
[PlyCount "80"]
[GameId "2160767911741952"]
[EventDate "1999.10.22"]
[EventType "swiss"]
[EventRounds "5"]
[EventCountry "CAN"]
[SourceTitle "EXT 2004"]
[Source "ChessBase"]
[SourceDate "2003.11.25"]
[SourceVersion "1"]
[SourceVersionDate "2003.11.25"]
[SourceQuality "1"]

1. e4 e5 2. Nc3 Nf6 3. f4 d5 4. fxe5 Nxe4 5. Nf3 Nc6 6. Bb5 Be7 7. O-O O-O 8. d3 Nxc3 9. bxc3 f6 10. exf6 Bxf6 11. d4 Bf5 12. Bd3 Ne7 13. Ba3 Qd7 14. Bxf5 Qxf5 15. Ne5 Qe6 16. Ng4 Rae8 17. Nxf6+ Rxf6 18. Rxf6 Qxf6 19. Bxe7 Qxe7 20. Qd3 Qe3+ 21. Qxe3 Rxe3 22. Rb1 b6 23. Rb3 Re2 24. Rb2 Kf7 25. a4 a5 26. h3 h5 27. Kh2 h4 28. Rb5 Ke6 29. Rb2 Re1 30. Ra2 Kf5 31. Ra3 Ke4 32. Ra2 Rf1 33. Ra3 Rf2 34. Ra2 Ke3 35. Rb2 g5 36. Kg1 Rf5 37. Rb1 Kd2 38. Ra1 Kxc2 39. Re1 Kxc3 40. Re7 c5 0-1

[Event "Outaouais op"]
[Site "Hull CAN"]
[Date "1999.10.23"]
[Round "2"]
[White "Gottlieb, Jonathan"]
[Black "Auger, Bertrand"]
[Result "1/2-1/2"]
[WhiteElo "1919"]
[BlackElo "2058"]
[PlyCount "50"]
[GameId "2160767911741953"]
[EventDate "1999.10.22"]
[EventType "swiss"]
[EventRounds "5"]
[EventCountry "CAN"]
[SourceTitle "EXT 2022"]
[Source "ChessBase"]
[SourceDate "2021.10.06"]
[SourceVersion "1"]
[SourceVersionDate "2021.10.06"]
[SourceQuality "1"]

1. e4 e6 2. d4 d5 3. e5 b6 4. Nf3 Qd7 5. Bd3 Ba6 6. O-O Bxd3 7. Qxd3 c5 8. c3 Nc6 9. Be3 cxd4 10. cxd4 f6 11. a3 fxe5 12. Nxe5 Nxe5 13. dxe5 Ne7 14. b4 Ng6 15. f4 Be7 16. Nc3 O-O 17. Ne2 Rac8 18. Bd4 Rc4 19. g4 Nh4 20. Rac1 Rxc1 21. Rxc1 g5 22. Rf1 Rf7 23. h3 Qc8 24. Rc1 Qd7 25. Rf1 Qc8 1/2-1/2

[Event "Outaouais op"]
[Site "Hull CAN"]
[Date "1999.10.23"]
[Round "2"]
[White "Lacroix, Serge"]
[Black "Charbonneau, Alain"]
[Result "1/2-1/2"]
[WhiteElo "1980"]
[BlackElo "1998"]
[PlyCount "73"]
[GameId "2160767911741954"]
[EventDate "1999.10.22"]
[EventType "swiss"]
[EventRounds "5"]
[EventCountry "CAN"]
[SourceTitle "Lacroix"]

1. e4 c5 2. Nf3 Nc6 3. d4 cxd4 4. Nxd4 Nf6 5. Nc3 d6 6. Bg5 e6 7. Qd2 Be7 8. O-O-O O-O 9. f4 a6 10. Bxf6 Bxf6 11. Nxc6 bxc6 12. Qxd6 Qb6 13. e5 Rd8 14. Qa3 Qe3+ 15. Kb1 Rxd1+ 16. Nxd1 Qxa3 17. bxa3 Be7 18. Bc4 Bxa3 19. Re1 Kf8 20. Re3 Rb8+ 21. Rb3 Rxb3+ 22. cxb3 Bb7 23. Kc2 Bc5 24. Nc3 Bg1 25. h3 c5 26. g4 Ke7 27. Bd3 Bh2 28. Be4 Bxe4+ 29. Nxe4 Bxf4 30. Nxc5 Bxe5 31. Nxa6 Kf6 32. Kd3 Ba1 33. Nb4 Ke5 34. Nc2 Bb2 35. a4 g6 36. b4 Kd6 37. Kc4 1/2-1/2

[Event "Outaouais op"]
[Site "Hull CAN"]
[Date "1999.10.23"]
[Round "3"]
[White "Auger, Bertrand"]
[Black "Roussel-Roozmon, Thomas"]
[Result "1-0"]
[WhiteElo "2058"]
[BlackElo "1886"]
[PlyCount "77"]
[GameId "2160767911741955"]
[EventDate "1999.10.22"]
[EventType "swiss"]
[EventRounds "5"]
[EventCountry "CAN"]
[SourceTitle "EXT 2022"]
[Source "ChessBase"]
[SourceDate "2021.10.06"]
[SourceVersion "1"]
[SourceVersionDate "2021.10.06"]
[SourceQuality "1"]

1. Nf3 Nf6 2. g3 g6 3. b4 Bg7 4. Bb2 d6 5. Bg2 e5 6. d3 O-O 7. c4 Nbd7 8. Nbd2 a5 9. a3 Re8 10. O-O c6 11. Qc2 Qc7 12. e4 c5 13. Bc3 b6 14. Qb2 Bb7 15. Rab1 Bc6 16. b5 Bb7 17. Ne1 Nh5 18. Nc2 f5 19. Ne3 f4 20. Nd5 Qd8 21. Bf3 Rf8 22. Bxh5 gxh5 23. Nxf4 Qe8 24. Nd5 Rb8 25. f4 h4 26. Rf3 Qh5 27. Rbf1 Bxd5 28. cxd5 Bh6 29. Kh1 Rbe8 30. g4 Qg6 31. f5 Qf6 32. Nc4 Bg5 33. Ne3 Qe7 34. Ng2 Rf6 35. Be1 Rh6 36. h3 Rf8 37. Bd2 Kh8 38. Nf4 Bxf4 39. Bxf4 1-0

[Event "Outaouais op"]
[Site "Hull CAN"]
[Date "1999.10.23"]
[Round "3"]
[White "Beaudoin, Stephane"]
[Black "Brodie, Hugh"]
[Result "1-0"]
[WhiteElo "2095"]
[BlackElo "1895"]
[PlyCount "129"]
[GameId "2160767911741956"]
[EventDate "1999.10.22"]
[EventType "swiss"]
[EventRounds "5"]
[EventCountry "CAN"]
[SourceTitle "EXT 2004"]
[Source "ChessBase"]
[SourceDate "2003.11.25"]
[SourceVersion "1"]
[SourceVersionDate "2003.11.25"]
[SourceQuality "1"]

1. e4 c5 2. Nf3 Nc6 3. d4 cxd4 4. Nxd4 g6 5. Nc3 Bg7 6. Nde2 Nf6 7. g3 O-O 8. Bg2 d6 9. O-O Bd7 10. h3 Rc8 11. Be3 h6 12. Qd2 Kh7 13. Rad1 Ne5 14. Qc1 Qc7 15. b3 Rfd8 16. f4 Nc6 17. Nd5 Nxd5 18. exd5 Nb4 19. c4 b5 20. Qd2 Na6 21. Rc1 bxc4 22. Rxc4 Qb7 23. Rfc1 Rxc4 24. Rxc4 Rc8 25. Rxc8 Bxc8 26. Nd4 Nb4 27. Nc6 Nxc6 28. dxc6 Qa6 29. Qf2 d5 30. Bxd5 Bxh3 31. Bxa7 e6 32. Bf3 e5 33. fxe5 Bxe5 34. Be3 h5 35. Kh2 Be6 36. Kg2 Qd3 37. Qd2 Qf5 38. Kf2 Qh3 39. Bf4 Qh2+ 40. Bg2 Bh3 41. Bxe5 Qxg2+ 42. Ke3 Qxc6 43. Qc3 Qb6+ 44. Bd4 Qe6+ 45. Kd2 Bg4 46. Qe3 Qd5 47. a4 Be6 48. Kc2 Qg2+ 49. Kc3 Qb7 50. Kb2 Qg2+ 51. Ka3 Qd5 52. Qc3 Qd6+ 53. Bc5 Qc6 54. Bb4 Qxc3 55. Bxc3 g5 56. b4 h4 57. gxh4 gxh4 58. Be1 h3 59. Bg3 Kg6 60. b5 Kf6 61. a5 Ke7 62. a6 Bc8 63. Kb4 Ke6 64. Kc5 Kd7 65. Kb6 1-0

[Event "Outaouais op"]
[Site "Hull CAN"]
[Date "1999.10.23"]
[Round "3"]
[White "Simic, Dusan"]
[Black "Lacroix, Serge"]
[Result "1-0"]
[WhiteElo "2385"]
[BlackElo "1980"]
[PlyCount "98"]
[GameId "2160767911741957"]
[EventDate "1999.10.22"]
[EventType "swiss"]
[EventRounds "5"]
[EventCountry "CAN"]
[SourceTitle "Lacroix"]

1. d4 Nf6 2. Nf3 e6 3. e3 c5 4. Bd3 Qb6 5. O-O d5 6. Nbd2 Nc6 7. c3 Be7 8. dxc5 Bxc5 9. Qe2 O-O 10. e4 dxe4 11. Nxe4 Nxe4 12. Bxe4 Be7 13. Be3 Qc7 14. Rfd1 e5 15. Bd5 Bg4 16. Qc4 Bxf3 17. Bxf3 Rac8 18. Bd5 b6 19. Qg4 Kh8 20. Be4 Rfd8 21. Rxd8+ Nxd8 22. Rd1 Ne6 23. Bf5 Rd8 24. Bxe6 Rxd1+ 25. Qxd1 fxe6 26. g3 g6 27. Bh6 Qd6 28. Qf3 Kg8 29. Qa8+ Kf7 30. Qh8 Qd1+ 31. Kg2 Qd5+ 32. f3 Qd3 33. Qg7+ Ke8 34. Qxe5 Qc2+ 35. Kh3 Qf5+ 36. Qxf5 exf5 37. Be3 Kd7 38. Kg2 Kc6 39. Kf2 a5 40. Ke2 b5 41. Kd3 Kd5 42. b3 h5 43. h4 Ba3 44. c4+ bxc4+ 45. bxc4+ Kc6 46. g4 hxg4 47. fxg4 fxg4 48. Bf2 Kd6 49. Ke4 a4 1-0

[Event "Outaouais op"]
[Site "Hull CAN"]
[Date "1999.10.24"]
[Round "4"]
[White "Brodie, Hugh"]
[Black "Cote, Jacques"]
[Result "0-1"]
[WhiteElo "1895"]
[BlackElo "2150"]
[PlyCount "88"]
[GameId "2160767911741958"]
[EventDate "1999.10.22"]
[EventType "swiss"]
[EventRounds "5"]
[EventCountry "CAN"]
[SourceTitle "EXT 2004"]
[Source "ChessBase"]
[SourceDate "2003.11.25"]
[SourceVersion "1"]
[SourceVersionDate "2003.11.25"]
[SourceQuality "1"]

1. f4 Nf6 2. e3 g6 3. b3 Bg7 4. Bb2 O-O 5. Nf3 d6 6. Be2 Nbd7 7. O-O e5 8. fxe5 Ng4 9. c4 Ndxe5 10. Nc3 Bd7 11. Qe1 f5 12. Nd1 Qe7 13. Nxe5 Nxe5 14. Rb1 Rae8 15. Nc3 c6 16. e4 fxe4 17. Nxe4 Bf5 18. d3 d5 19. Nf2 dxc4 20. bxc4 Nxc4 21. Bxg7 Qxg7 22. Ne4 Ne3 23. Rf4 Nd5 24. Rf3 Bxe4 25. Rxf8+ Rxf8 26. dxe4 Qd4+ 27. Kh1 Nc3 28. Rc1 Nxe4 29. h3 Nf2+ 30. Kh2 Qd6+ 31. Kg1 Qd4 32. Bc4+ Kh8 33. Kh2 Qd6+ 34. Kg1 Qd4 35. Kh2 Qf4+ 36. Kg1 Qd4 37. Kh2 Qd6+ 38. Kg1 Qg3 39. Qe6 Qc7 40. Rf1 Qg3 41. Qd7 Qe3 42. Kh2 Qf4+ 43. Kg1 Qxc4 44. Rxf2 Qc5 0-1

[Event "Outaouais op"]
[Site "Hull CAN"]
[Date "1999.10.24"]
[Round "4"]
[White "Khaziyeva, Dinara"]
[Black "Auger, Bertrand"]
[Result "0-1"]
[WhiteElo "1818"]
[BlackElo "2058"]
[PlyCount "53"]
[GameId "2160767911741959"]
[EventDate "1999.10.22"]
[EventType "swiss"]
[EventRounds "5"]
[EventCountry "CAN"]
[SourceTitle "EXT 2022"]
[Source "ChessBase"]
[SourceDate "2021.10.06"]
[SourceVersion "1"]
[SourceVersionDate "2021.10.06"]
[SourceQuality "1"]

1. c4 Nf6 2. Nf3 b6 3. g3 e6 4. b3 Be7 5. Bb2 Bb7 6. Bg2 O-O 7. O-O d6 8. Qc2 Nbd7 9. d3 Re8 10. Nbd2 Bf8 11. Rfe1 g6 12. Rad1 Bg7 13. Nf1 a5 14. e4 e5 15. d4 exd4 16. Nxd4 Nc5 17. e5 Bxg2 18. Kxg2 Ng4 19. exd6 Qxd6 20. f3 Rxe1 21. Rxe1 Bxd4 22. Rd1 Ne6 23. Bxd4 Rd8 24. fxg4 Qc6+ 25. Kg1 Nxd4 26. Qf2 Qe4 27. Qf6 0-1

[Event "Outaouais op"]
[Site "Hull CAN"]
[Date "1999.10.24"]
[Round "4"]
[White "Lacroix, Serge"]
[Black "Gottlieb, Jonathan"]
[Result "0-1"]
[WhiteElo "1980"]
[BlackElo "1919"]
[PlyCount "88"]
[GameId "2160767911741960"]
[EventDate "1999.10.22"]
[EventType "swiss"]
[EventRounds "5"]
[EventCountry "CAN"]
[SourceTitle "Lacroix"]

1. e4 c5 2. Nf3 d6 3. d4 cxd4 4. Nxd4 Nf6 5. Nc3 a6 6. Bg5 e6 7. f4 b5 8. e5 dxe5 9. fxe5 Qc7 10. Bxf6 gxf6 11. exf6 Qe5+ 12. Be2 Bc5 13. Nb3 Bb6 14. Qd3 Bb7 15. O-O-O Bxg2 16. Rhg1 Qe3+ 17. Kb1 Qxd3 18. Bxd3 Bxg1 19. Rxg1 Bc6 20. Nd4 Bb7 21. Be4 Bxe4 22. Nxe4 Ra7 23. Rg7 Rd7 24. c3 Rd5 25. Ng5 Rd7 26. Nxh7 e5 27. Nf5 Nc6 28. Ng5 Nd8 29. Ne4 Ne6 30. Rg2 Kf8 31. Nfd6 Nc5 32. b4 Nxe4 33. Nxe4 Rd1+ 34. Kc2 Rh1 35. Nc5 R1xh2 36. Rxh2 Rxh2+ 37. Kd3 Rxa2 38. Nd7+ Ke8 39. Nxe5 Rf2 40. Ke4 Rxf6 41. c4 Re6 42. Kd5 Rxe5+ 43. Kxe5 bxc4 44. Kd4 Kd7 0-1

[Event "Outaouais op"]
[Site "Hull CAN"]
[Date "1999.10.24"]
[Round "5"]
[White "Auger, Bertrand"]
[Black "O'Donnell, Tom"]
[Result "0-1"]
[WhiteElo "2058"]
[BlackElo "2465"]
[PlyCount "70"]
[GameId "2160767911741961"]
[EventDate "1999.10.22"]
[EventType "swiss"]
[EventRounds "5"]
[EventCountry "CAN"]
[SourceTitle "EXT 2022"]
[Source "ChessBase"]
[SourceDate "2021.10.06"]
[SourceVersion "1"]
[SourceVersionDate "2021.10.06"]
[SourceQuality "1"]

1. Nf3 d5 2. g3 c6 3. b3 Bg4 4. Bg2 Nd7 5. Bb2 Ngf6 6. O-O e6 7. d3 Be7 8. Nbd2 O-O 9. c4 a5 10. a3 b5 11. cxb5 cxb5 12. Rc1 Rc8 13. Rxc8 Qxc8 14. Qb1 Qb8 15. Rc1 Rc8 16. Rc2 e5 17. h3 Be6 18. Ng5 Bd6 19. Nxe6 fxe6 20. Nf3 h6 21. h4 Kf7 22. Qc1 Rxc2 23. Qxc2 Qc7 24. Qxc7 Bxc7 25. b4 axb4 26. axb4 Bd6 27. Bc3 d4 28. Bd2 Nd5 29. e3 dxe3 30. fxe3 Bxb4 31. Bc1 Bc3 32. Nd2 Nc5 33. Ne4 Nxe4 34. Bxe4 b4 35. Kf2 Nf6 0-1

[Event "Outaouais op"]
[Site "Hull CAN"]
[Date "1999.10.24"]
[Round "5"]
[White "Ferderber, Harold"]
[Black "Webb, Robert"]
[Result "0-1"]
[WhiteElo "1749"]
[BlackElo "1829"]
[PlyCount "96"]
[GameId "2160767911741962"]
[EventDate "1999.10.22"]
[EventType "swiss"]
[EventRounds "5"]
[EventCountry "CAN"]
[SourceTitle "CFC 2003.02"]
[Source "CFC"]
[SourceDate "2003.02.??"]
[SourceVersionDate "2003.02.??"]
[SourceQuality "1"]

1. e4 e6 2. d4 d5 3. Nc3 Nf6 4. e5 Nfd7 5. Nf3 c5 6. Bg5 Qb6 7. Rb1 cxd4 8. Nb5 Nc6 9. c3 a6 10. Nbxd4 Ndxe5 11. Nxe5 Nxe5 12. Be3 Qc7 13. Be2 Bd6 14. g3 b5 15. O-O Bb7 16. a4 Nc4 17. axb5 Nxe3 18. fxe3 Bxg3 19. hxg3 Qxg3+ 20. Kh1 Qh3+ 21. Kg1 Qxe3+ 22. Rf2 axb5 23. Bxb5+ Kf8 24. Bd7 Qg3+ 25. Kf1 Ba6+ 26. Bb5 Bxb5+ 27. Nxb5 h5 28. Qd4 h4 29. Rg2 Qf3+ 30. Kg1 h3 31. Qxg7+ Ke7 32. Qg5+ Kd7 33. Rf1 Qxg2+ 34. Qxg2 hxg2 35. Rxf7+ Kc6 36. Nd4+ Kd6 37. Kxg2 Ra2 38. Rb7 e5 39. Nf5+ Kc6 40. Rb4 Rf8 41. Ne7+ Kc5 42. Kg3 e4 43. Rd4 Rf3+ 44. Kg4 Rd3 45. b4+ Kd6 46. Nf5+ Kd7 47. Kf4 Rf2+ 48. Ke5 Rxf5+ 0-1

[Event "Outaouais op"]
[Site "Hull CAN"]
[Date "1999.10.24"]
[Round "5"]
[White "Masse, Hugues"]
[Black "Lacroix, Serge"]
[Result "1-0"]
[WhiteElo "1859"]
[BlackElo "1980"]
[PlyCount "47"]
[GameId "2160767911741963"]
[EventDate "1999.10.22"]
[EventType "swiss"]
[EventRounds "5"]
[EventCountry "CAN"]
[SourceTitle "Lacroix"]

1. e4 e5 2. Nf3 Nc6 3. Bc4 Nf6 4. d3 Be7 5. c3 d6 6. O-O a6 7. Bb3 Bg4 8. Nbd2 Qd7 9. Re1 O-O 10. h3 Bh5 11. Nf1 Na5 12. Bc2 c5 13. Ng3 Bg6 14. Nh4 Rfe8 15. Nhf5 Bxf5 16. Nxf5 Nc6 17. Bg5 h6 18. Bh4 g5 19. Nxh6+ Kh7 20. Bxg5 Nxe4 21. Bc1 Nf6 22. d4+ e4 23. Bxe4+ Nxe4 24. Rxe4 1-0

[Event "Outaouais op U2000"]
[Site "Hull CAN"]
[Date "1999.10.22"]
[Round "1"]
[White "Morin, Louis"]
[Black "Ferderber, Harold"]
[Result "1/2-1/2"]
[WhiteElo "1908"]
[BlackElo "1749"]
[PlyCount "153"]
[GameId "2160767911741964"]
[EventDate "1999.10.22"]
[EventType "swiss"]
[EventRounds "5"]
[EventCountry "CAN"]
[SourceTitle "hb 2013"]

1. e4 e5 2. Nf3 Nc6 3. Bb5 a6 4. Bxc6 dxc6 5. O-O Bg4 6. h3 Bxf3 7. Qxf3 c5 8. d3 h5 9. Be3 b6 10. Nd2 Ne7 11. Qg3 Ng6 12. Nc4 h4 13. Qg4 b5 14. Na5 Qd7 15. Qxd7+ Kxd7 16. Rfd1 Rh5 17. c4 Nf4 18. Bxf4 exf4 19. f3 c6 20. a4 b4 21. Nb3 a5 22. Rd2 Kc7 23. Rad1 Rd8 24. Kf1 Kb6 25. d4 cxd4 26. Rxd4 Rxd4 27. Rxd4 Re5 28. Rd7 Be7 29. Nc1 Bf6 30. Nd3 Re7 31. c5+ Ka6 32. Rxe7 Bxe7 33. Ke2 Kb7 34. Kd2 g5 35. Kc2 f6 36. Kb3 Kc8 37. Kc4 Kd7 38. Kd4 Ke6 39. b3 Bd8 40. Nb2 Bc7 41. Nc4 Be5+ 42. Kd3 Bc7 43. Nd2 Be5 44. Nf1 Bb8 45. Nh2 Ba7 46. Kd4 Bb8 47. Ng4 Be5+ 48. Kc4 Bc3 49. Nh6 Be5 50. Nf5 Bc7 51. Nd4+ Kd7 52. Nc2 Kc8 53. Ne1 Kd7 54. Nd3 Kc8 55. Kd4 Kd7 56. e5 Ke6 57. exf6 Kxf6 58. Ke4 Ke6 59. Nf2 Bd8 60. Kd4 Bf6+ 61. Kc4 Be7 62. Ne4 Ke5 63. Nf2 Ke6 64. Kd4 Bf6+ 65. Ke4 Bg7 66. Ng4 Bf6 67. Nh6 Be7 68. Kd4 Bf6+ 69. Kc4 Bg7 70. Ng4 Bc3 71. Nf2 Bf6 72. Nd3 Bc3 73. Nc1 Bf6 74. Na2 Bd8 75. Nc1 Bf6 76. Nd3 Bc3 77. Nf2 1/2-1/2

[Event "Outaouais op U2000"]
[Site "Hull CAN"]
[Date "1999.10.23"]
[Round "2"]
[White "Poitras, Francois"]
[Black "Morin, Louis"]
[Result "0-1"]
[WhiteElo "1575"]
[BlackElo "1908"]
[PlyCount "74"]
[GameId "2160767911741965"]
[EventDate "1999.10.22"]
[EventType "swiss"]
[EventRounds "5"]
[EventCountry "CAN"]
[SourceTitle "hb 2013"]

1. c4 e5 2. g3 d6 3. Bg2 c6 4. Nc3 Be6 5. d3 f5 6. Nh3 Nf6 7. O-O Be7 8. b4 O-O 9. Rb1 h6 10. b5 Qc8 11. Qb3 c5 12. Nd5 Nxd5 13. cxd5 Bf7 14. f4 Nd7 15. e4 fxe4 16. dxe4 Nf6 17. fxe5 dxe5 18. Bb2 Bd6 19. Rbc1 b6 20. Nf2 Qd7 21. Bh3 Qe7 22. Qd3 Rad8 23. Ng4 Nxg4 24. Bxg4 Kh7 25. Rf2 c4 26. Rxc4 Bc5 27. Rxc5 bxc5 28. Rf5 Bg6 29. Rxe5 Qf6 30. Qe2 Qb6 31. Re6 Rd6 32. Rxd6 Qxd6 33. Bf3 Qb6 34. Kg2 c4 35. a4 Qc5 36. Qf2 Qxf2+ 37. Kxf2 Bxe4 0-1

[Event "Outaouais op U2000"]
[Site "Hull CAN"]
[Date "1999.10.23"]
[Round "3"]
[White "Sauve, Richard"]
[Black "Morin, Louis"]
[Result "1/2-1/2"]
[WhiteElo "1844"]
[BlackElo "1908"]
[PlyCount "118"]
[GameId "2160767911741966"]
[EventDate "1999.10.22"]
[EventType "swiss"]
[EventRounds "5"]
[EventCountry "CAN"]
[SourceTitle "hb 2013"]

1. d4 d5 2. c4 e6 3. Nc3 c5 4. cxd5 exd5 5. Nf3 Nc6 6. Bf4 Be6 7. e3 Nf6 8. Be2 Be7 9. O-O O-O 10. dxc5 Bxc5 11. Nb5 Ne4 12. Rc1 a6 13. Nbd4 Rc8 14. Qa4 Qb6 15. Rfd1 Nxd4 16. Nxd4 Bxd4 17. Qxd4 Qxd4 18. exd4 g5 19. Be3 f6 20. Rxc8 Rxc8 21. Rc1 Rxc1+ 22. Bxc1 Kf7 23. f3 Nd6 24. b3 Bf5 25. Bd1 Bb1 26. a3 Nf5 27. Bb2 Ne3 28. Be2 Bc2 29. b4 b5 30. Bc1 Nc4 31. Kf2 h6 32. g3 f5 33. h4 Kg6 34. hxg5 hxg5 35. Bf1 Kf6 36. Bg2 Nb6 37. Ke2 Nc4 38. f4 Be4 39. fxg5+ Kg6 40. Bf3 Nd6 41. g4 fxg4 42. Bxg4 Nf5 43. Be3 Bh1 44. Kf2 Be4 45. Bh3 Bh1 46. Bg4 Be4 47. Bc1 Bh1 48. Bf3 Bxf3 49. Kxf3 Nxd4+ 50. Kg4 Ne6 51. Bd2 d4 52. Kf3 Kf5 53. Ke2 Ke4 54. g6 d3+ 55. Kf2 Kd4 56. Bh6 Kc3 57. Ke1 Kc2 58. Be3 Ng7 59. Bd2 Nf5 1/2-1/2

[Event "Outaouais op U2000"]
[Site "Hull CAN"]
[Date "1999.10.24"]
[Round "4"]
[White "Morin, Louis"]
[Black "Shvab, Boris"]
[Result "1/2-1/2"]
[WhiteElo "1908"]
[BlackElo "1784"]
[PlyCount "59"]
[GameId "2160767911741967"]
[EventDate "1999.10.22"]
[EventType "swiss"]
[EventRounds "5"]
[EventCountry "CAN"]
[SourceTitle "hb 2013"]

1. d4 d5 2. c4 c6 3. cxd5 cxd5 4. Nc3 Nf6 5. Bf4 Nc6 6. e3 Bf5 7. Nf3 Nh5 8. Qb3 Nxf4 9. exf4 Qd6 10. Qxd5 Qxf4 11. Bb5 Bd7 12. O-O e6 13. Rfe1 Be7 14. Qe4 Qxe4 15. Nxe4 a6 16. Bf1 Nb4 17. Rec1 Bc6 18. Ned2 O-O 19. a3 Bxf3 20. Nxf3 Nc6 21. Ne5 Nxd4 22. Nd7 Nb3 23. Nxf8 Nxa1 24. Rxa1 Kxf8 25. Rc1 Bd6 26. a4 Rd8 27. g3 Ke7 28. b3 b6 29. Bxa6 Bc5 30. Rc2 1/2-1/2

[Event "Outaouais op U2000"]
[Site "Hull CAN"]
[Date "1999.10.24"]
[Round "5"]
[White "Sidhom, Raouf"]
[Black "Morin, Louis"]
[Result "0-1"]
[WhiteElo "1815"]
[BlackElo "1908"]
[PlyCount "48"]
[GameId "2160767911741968"]
[EventDate "1999.10.22"]
[EventType "swiss"]
[EventRounds "5"]
[EventCountry "CAN"]
[SourceTitle "hb 2013"]

1. d4 d5 2. Nf3 c5 3. e3 Nc6 4. dxc5 e6 5. a3 Bxc5 6. b4 Be7 7. Bb2 Bf6 8. Qc1 Bxb2 9. Qxb2 Qf6 10. Qc3 Bd7 11. Qxf6 Nxf6 12. c4 dxc4 13. Bxc4 O-O 14. Nbd2 Rac8 15. Rc1 Nxb4 16. axb4 b5 17. Ne5 bxc4 18. Nexc4 Rb8 19. O-O Rxb4 20. Rc3 Rc8 21. Rfc1 h6 22. h3 Nd5 23. Rb3 a5 24. Rcb1 Rbxc4 0-1

[Event "Outaouais-ch"]
[Site "Hull CAN"]
[Date "1999.05.04"]
[Round "1"]
[White "Laurin, Jacques"]
[Black "Beaudet, Jean-Luc"]
[Result "1-0"]
[WhiteElo "1889"]
[BlackElo "1810"]
[PlyCount "35"]
[GameId "2160767911805158"]
[EventDate "1999.04.30"]
[EventType "tourn"]
[EventRounds "7"]
[EventCountry "CAN"]

1. c4 c5 2. Nc3 Nc6 3. g3 g6 4. Nf3 Bg7 5. Bg2 e6 6. e4 Nge7 7. O-O d5 8. exd5 exd5 9. cxd5 Nxd5 10. Re1+ Be6 11. Ne4 b6 12. Neg5 Qd7 13. Nxe6 fxe6 14. Ng5 Nd4 15. Qg4 h5 16. Qe4 Nf5 17. Qxe6+ Qxe6 18. Rxe6+ 1-0

[Event "Outaouais-ch"]
[Site "Hull CAN"]
[Date "1999.05.04"]
[Round "1"]
[White "Scantland, Patrick"]
[Black "Thomann, Olivier"]
[Result "0-1"]
[WhiteElo "1725"]
[BlackElo "1796"]
[PlyCount "46"]
[GameId "2160767911805159"]
[EventDate "1999.04.30"]
[EventType "tourn"]
[EventRounds "7"]
[EventCountry "CAN"]

1. e4 e5 2. Nf3 Nc6 3. Bb5 a6 4. Ba4 Nf6 5. O-O Nxe4 6. d4 b5 7. Bb3 d5 8. dxe5 Be6 9. c3 Bc5 10. Nbd2 O-O 11. Bc2 Nxf2 12. Rxf2 f6 13. Nf1 Bxf2+ 14. Kxf2 fxe5 15. Kg1 Bg4 16. Bxh7+ Kxh7 17. Qc2+ Bf5 18. Qf2 Bd3 19. Bg5 Qd6 20. Qh4+ Kg8 21. N1d2 Rf7 22. Be3 Qg6 23. Nb3 Rxf3 0-1

[Event "Outaouais-ch"]
[Site "Hull CAN"]
[Date "1999.05.07"]
[Round "2"]
[White "Maisonneuve, Paul"]
[Black "Thomann, Olivier"]
[Result "1/2-1/2"]
[WhiteElo "1589"]
[BlackElo "1796"]
[PlyCount "58"]
[GameId "2160767911805160"]
[EventDate "1999.04.30"]
[EventType "tourn"]
[EventRounds "7"]
[EventCountry "CAN"]

1. d4 Nf6 2. Nf3 g6 3. Bf4 Bg7 4. Nbd2 d5 5. h3 O-O 6. e3 Nbd7 7. Bd3 c5 8. c3 Qb6 9. Qb3 c4 10. Qxb6 Nxb6 11. Bc2 Bd7 12. O-O Ba4 13. Rac1 Bxc2 14. Rxc2 Ne4 15. Ng5 Nxg5 16. Bxg5 e5 17. dxe5 Bxe5 18. Nf3 Bc7 19. Bf6 Rfe8 20. Rd1 Re6 21. Bd4 Rd8 22. Rcd2 Red6 23. Be5 Rc6 24. Bxc7 Rxc7 25. e4 Rcd7 26. exd5 Rxd5 27. Rxd5 Rxd5 28. Rxd5 Nxd5 29. Ne5 b5 1/2-1/2